| 000 | 00978nam a22003017a 4500 | ||
|---|---|---|---|
| 001 | 7727 | ||
| 003 | FISKH | ||
| 005 | 20250820101624.0 | ||
| 008 | 250801b cb ||||| |||| 00| 0 eng d | ||
| 020 | _a9780545268493 | ||
| 040 |
_aFISKH _beng _cFISKH _dFISKH |
||
| 050 | _aPZ7.N723 H | ||
| 082 | _a 813.54 | ||
| 100 | _aNolen, Jerdine | ||
| 245 |
_aHewitt Anderson's life / _cJerdine Nolen ; Illustrated by Kadir Nelson |
||
| 250 | _aThis edition first published in 2005 | ||
| 260 |
_aNew York : _bScholastic, _c2005 |
||
| 300 |
_a37 pages : _bcolor illustrations ; _c28 cm |
||
| 505 | _aZ | ||
| 520 | _aWhen tiny Hewitt is born into a family of giants, everyone learns that sometimes small is best of all. | ||
| 521 | 8 |
_a980
_bLexile |
|
| 521 | 8 |
_aZ
_bRaz-Plus |
|
| 650 |
_2Kadir Nelson _aPicture book |
||
| 650 |
_2African American _aSocial Interactions and Relationships |
||
| 700 |
_aNelson, Kadine _dillustrator |
||
| 942 |
_2ddc _cBK _n0 |
||
| 999 |
_c7727 _d7727 |
||